[Event "Sunnyvale 1000 GM Winter 12"]
[Site "Sunnyvale"]
[Date "2023.12.27"]
[Round "2"]
[White "Nagy, Gabor"]
[Black "Krishnan, Varun"]
[Result "1/2-1/2"]
[WhiteElo "2447"]
[BlackElo "2335"]
[PlyCount "47"]
[EventDate "2023.12.26"]
[EventType "schev"]
[EventRounds "9"]
[EventCountry "USA"]
[SourceTitle "CB01_2024"]
[SourceDate "2024.01.03"]
[SourceVersion "1"]
[SourceVersionDate "2024.01.03"]
[SourceQuality "1"]

1. c4 c5 2. Nc3 Nc6 3. g3 e5 4. Bg2 g6 5. d3 Bg7 6. e3 Nge7 7. Nge2 0-0 8. 0-0 d6 9. Rb1 Be6 10. Nd5 Qd7 11. Nec3 Bh3 12. Bxh3 Qxh3 13. Qf3 Nxd5 14. Nxd5 Rad8 15. Bd2 Qe6 16. b4 cxb4 17. Bxb4 f5 18. Nc7 Qd7 19. Qd5+ Rf7 20. Nb5 Bf8 21. f4 a6 22. Nc3 Bg7 23. fxe5 Nxe5 24. h3 1/2-1/2

[Event "Titled Tuesday intern op 15th Aug Late"]
[Site "Chess.com INT"]
[Date "2023.08.15"]
[Round "4"]
[White "Andrews, Todd D"]
[Black "Krishnan, Varun"]
[Result "1-0"]
[WhiteElo "2149"]
[BlackElo "2341"]
[PlyCount "73"]
[EventDate "2023.08.15"]
[EventType "swiss (blitz)"]
[EventRounds "11"]
[EventCountry "USA"]
[SourceTitle "EXT 2024"]
[Source "ChessBase"]
[SourceDate "2023.10.10"]
[SourceVersion "1"]
[SourceVersionDate "2023.10.10"]
[SourceQuality "1"]

1. e4 a6 2. d4 e6 3. Bd3 d5 4. e5 c5 5. c3 Nc6 6. Nf3 Bd7 7. a3 Qb6 8. Bc2 Nh6 9. b4 cxd4 10. cxd4 Nf5 11. Bb2 Be7 12. 0-0 0-0 13. g4 Nh4 14. Nxh4 Bxh4 15. Qd3 g6 16. Nd2 f5 17. gxf5 Rxf5 18. f4 Raf8 19. Qe3 R5f7 20. Kh1 Ne7 21. Qh3 Rxf4 22. Rxf4 Rxf4 23. Nf3 Bf2 24. Rf1 Be3 25. Re1 Qc6 26. Bd3 Bf2 27. Re2 Qa4 28. Rxf2 Qd1+ 29. Qf1 Qb3 30. Bc1 Rf8 31. Ng5 Nf5 32. Rf3 Qa4 33. Qh3 Qd1+ 34. Rf1 Ng3+ 35. hxg3 Rxf1+ 36. Qxf1 Qh5+ 37. Nh3 1-0

[Event "Titled Tuesday intern op 15th Aug Late"]
[Site "Chess.com INT"]
[Date "2023.08.15"]
[Round "1"]
[White "Krishnan, Varun"]
[Black "Daianu, Cristian Clement"]
[Result "1-0"]
[WhiteElo "2341"]
[BlackElo "2149"]
[PlyCount "59"]
[EventDate "2023.08.15"]
[EventType "swiss (blitz)"]
[EventRounds "11"]
[EventCountry "USA"]
[SourceTitle "EXT 2024"]
[Source "ChessBase"]
[SourceDate "2023.10.10"]
[SourceVersion "1"]
[SourceVersionDate "2023.10.10"]
[SourceQuality "1"]

1. d4 d5 2. c4 e6 3. Nc3 f5 4. Nf3 Nf6 5. g3 c6 6. Bg2 Bd6 7. 0-0 0-0 8. b3 Kh8 9. Bb2 Nbd7 10. Qc2 Ne4 11. Nd1 Qf6 12. a4 Qh6 13. Ba3 Bxa3 14. Rxa3 Ndf6 15. Ne5 Bd7 16. Ne3 Be8 17. b4 Bh5 18. c5 a6 19. Qb2 g5 20. b5 f4 21. Nd1 axb5 22. axb5 Rxa3 23. Qxa3 Bxe2 24. bxc6 Bxf1 25. cxb7 Bxg2 26. Kxg2 g4 27. c6 f3+ 28. Kg1 Qd2 29. Qxf8+ Ng8 30. Nf7# 1-0

[Event "Titled Tuesday intern op 08th Aug Late"]
[Site "Chess.com INT"]
[Date "2023.08.08"]
[Round "5"]
[White "Krishnan, Varun"]
[Black "Ladan, Nicholas John"]
[Result "1-0"]
[WhiteElo "2341"]
[BlackElo "2218"]
[PlyCount "43"]
[EventDate "2023.08.08"]
[EventType "swiss (blitz)"]
[EventRounds "11"]
[EventCountry "USA"]
[SourceTitle "EXT 2024"]
[Source "ChessBase"]
[SourceDate "2023.10.10"]
[SourceVersion "1"]
[SourceVersionDate "2023.10.10"]
[SourceQuality "1"]

1. Nf3 d5 2. d4 Nf6 3. c4 c6 4. Nc3 e6 5. e3 Nbd7 6. Qc2 Bd6 7. Be2 dxc4 8. Bxc4 b5 9. Bd3 Bb7 10. 0-0 0-0 11. e4 e5 12. Bg5 a6 13. Rad1 Qc7 14. dxe5 Nxe5 15. Nxe5 Bxe5 16. f4 Bd4+ 17. Kh1 Ng4 18. e5 Ne3 19. Bxh7+ Kh8 20. Qd3 Nxd1 21. Qh3 Bc8 22. Bf5+ 1-0

[Event "Titled Tuesday intern op 08th Aug Late"]
[Site "Chess.com INT"]
[Date "2023.08.08"]
[Round "9"]
[White "Krishnan, Varun"]
[Black "Rustemov, Alexander"]
[Result "0-1"]
[WhiteElo "2341"]
[BlackElo "2525"]
[PlyCount "132"]
[EventDate "2023.08.08"]
[EventType "swiss (blitz)"]
[EventRounds "11"]
[EventCountry "USA"]
[SourceTitle "EXT 2024"]
[Source "ChessBase"]
[SourceDate "2023.10.10"]
[SourceVersion "1"]
[SourceVersionDate "2023.10.10"]
[SourceQuality "1"]

1. e4 e6 2. d4 d5 3. Nc3 dxe4 4. Nxe4 Bd7 5. Nf3 Bc6 6. Bd3 Nd7 7. Qe2 Ngf6 8. 0-0 Be7 9. Bf4 Nxe4 10. Bxe4 Bxe4 11. Qxe4 c6 12. Rad1 0-0 13. Ne5 Re8 14. Rfe1 Nf6 15. Qe2 Qa5 16. a3 Rad8 17. Qf3 Qd5 18. Qh3 b5 19. Rd3 g6 20. Bg5 Nd7 21. Nxd7 Rxd7 22. Bxe7 Rexe7 23. b3 Qd6 24. Ra1 e5 25. Rad1 e4 26. Re3 f5 27. b4 Qd5 28. Rc3 f4 29. Qg4 Rf7 30. Rc5 Qd6 31. d5 cxd5 32. Rcxd5 Qxd5 33. Rxd5 Rxd5 34. Kf1 Rff5 35. Qe2 Rfe5 36. Qg4 g5 37. Qc8+ Kg7 38. Qc7+ Kg6 39. Qc6+ Kf7 40. Qc7+ Re7 41. Qc6 Rde5 42. Qh6 e3 43. fxe3 fxe3 44. Ke2 Kg8 45. Qd6 Kg7 46. Qd4 Kg6 47. Qd6+ R5e6 48. Qd3+ Kh6 49. Qd4 Rf7 50. Qg4 Rf2+ 51. Kd3 Rd2+ 52. Kc3 Rdd6 53. Qe2 Kg7 54. Qxb5 e2 55. Qxg5+ Kf7 56. Qf5+ Ke8 57. Qxh7 e1Q+ 58. Kb2 Qe5+ 59. Ka2 Qd5+ 60. Kb2 Qd4+ 61. Ka2 Qd5+ 62. Kb2 Re7 63. Qh8+ Kd7 64. Qh3+ Kc7 65. Qc3+ Rc6 66. Qg3+ Kb7 0-1

[Event "Sunnyvale 1000 GM 07"]
[Site "Sunnyvale"]
[Date "2023.07.30"]
[Round "5"]
[White "Krishnan, Varun"]
[Black "Rajaram, Anika"]
[Result "1-0"]
[WhiteElo "2341"]
[BlackElo "1660"]
[PlyCount "108"]
[EventDate "2023.07.28"]
[EventType "schev"]
[EventRounds "9"]
[EventCountry "USA"]
[SourceTitle "CBM 215 Extra"]
[Source "ChessBase"]
[SourceDate "2023.09.30"]
[SourceVersion "1"]
[SourceVersionDate "2023.09.30"]
[SourceQuality "1"]

1. d4 d5 2. c4 e6 3. Nc3 Be7 4. Nf3 Nf6 5. Bf4 0-0 6. e3 b6 7. Bd3 Bb7 8. cxd5 exd5 9. 0-0 Nbd7 10. Rc1 c5 11. Re1 Rc8 12. h3 Ne4 13. Bb1 Ndf6 14. Qe2 Re8 15. Red1 cxd4 16. Nxd4 Nxc3 17. Rxc3 Rxc3 18. bxc3 Bd6 19. Qf3 Bxf4 20. Qxf4 Qb8 21. Qh4 Qe5 22. Rc1 Ne4 23. Bxe4 Qxe4 24. Qg3 Qe5 25. Qg4 Bc8 26. Qe2 Qg5 27. Kh1 Re4 28. Qb5 h6 29. Qc6 Be6 30. Qa8+ Kh7 31. Qxa7 Qh5 32. Qc7 Qh4 33. Nxe6 fxe6 34. Kg1 Ra4 35. Qxb6 Qe4 36. Qb3 Qc4 37. Qc2+ Qe4 38. Qxe4+ Rxe4 39. Kf1 Kg6 40. Ke2 Rc4 41. Kd3 e5 42. Ra1 Ra4 43. Kc2 Kf5 44. Kb3 Ra8 45. f3 Ke6 46. a4 Kd6 47. a5 Ra6 48. Kb4 Kc6 49. c4 dxc4 50. Kxc4 Ra8 51. a6 Ra7 52. e4 Kd6 53. Kb5 Kc7 54. Kc5 Ra8 1-0

[Event "Sunnyvale 1000 GM 07"]
[Site "Sunnyvale"]
[Date "2023.07.30"]
[Round "4"]
[White "Tang, Dylan"]
[Black "Krishnan, Varun"]
[Result "0-1"]
[WhiteElo "2093"]
[BlackElo "2341"]
[PlyCount "124"]
[EventDate "2023.07.28"]
[EventType "schev"]
[EventRounds "9"]
[EventCountry "USA"]
[SourceTitle "CBM 215 Extra"]
[Source "ChessBase"]
[SourceDate "2023.09.30"]
[SourceVersion "1"]
[SourceVersionDate "2023.09.30"]
[SourceQuality "1"]

1. e4 c5 2. Nf3 d6 3. d4 cxd4 4. Nxd4 Nf6 5. Nc3 Nc6 6. f3 e5 7. Nb3 Be7 8. Be3 Be6 9. Qd2 d5 10. exd5 Nxd5 11. Nxd5 Qxd5 12. Qxd5 Bxd5 13. 0-0-0 0-0-0 14. Bb5 a6 15. Bxc6 Bxc6 16. Nc5 Kc7 17. b3 b6 18. Nd3 Bd6 19. Nb2 b5 20. Nd3 e4 21. fxe4 Bxe4 22. Rhf1 f6 23. g3 Ba3+ 24. Kb1 Rhe8 25. Bc1 Bf8 26. Nf4 Rc8 27. Kb2 a5 28. a3 f5 29. Nd3 g6 30. Kb1 Kb7 31. Rfe1 Rc7 32. Rd2 Rec8 33. Red1 Bg7 34. Bb2 Bh6 35. Be5 Rc6 36. Bf4 Bf8 37. Kb2 Bg7+ 38. Kb1 Rc3 39. Rc1 Ka8 40. Ka2 Bf6 41. h4 Bg7 42. Ne1 a4 43. b4 h6 44. Rd7 Bf6 45. Rd6 R8c6 46. Rcd1 Bxc2 47. Rxc6 Bb3+ 48. Kb1 Rxc6 49. Rd6 Rxd6 50. Bxd6 Kb7 51. Nf3 Bd5 52. Ne5 g5 53. hxg5 hxg5 54. Kc1 g4 55. Kd2 Bg5+ 56. Kc2 Be4+ 57. Kb2 Be3 58. Ng6 Kc6 59. Bb8 Kd5 60. Nf4+ Kc4 61. Ne6 Bd5 62. Ng7 Bd4+ 0-1

[Event "Titled Tuesday intern op 25th Jul Late"]
[Site "Chess.com INT"]
[Date "2023.07.25"]
[Round "4"]
[White "Krishnan, Varun"]
[Black "Gerbelli Neto, Eduardo"]
[Result "1/2-1/2"]
[WhiteElo "2341"]
[BlackElo "2114"]
[PlyCount "165"]
[EventDate "2023.07.25"]
[EventType "swiss (blitz)"]
[EventRounds "11"]
[EventCountry "USA"]
[SourceTitle "EXT 2024"]
[Source "ChessBase"]
[SourceDate "2023.10.10"]
[SourceVersion "1"]
[SourceVersionDate "2023.10.10"]
[SourceQuality "1"]

1. Nc3 Nf6 2. e4 e5 3. Nf3 Nc6 4. d4 exd4 5. Nxd4 Bb4 6. Nxc6 bxc6 7. Bd3 d5 8. exd5 cxd5 9. 0-0 0-0 10. Qf3 c6 11. Ne2 Bg4 12. Qg3 Bd6 13. Qh4 Bxe2 14. Bxe2 Ne4 15. Qxd8 Raxd8 16. Bd3 Rfe8 17. b3 Bc5 18. Bf4 Bd4 19. Rac1 g5 20. Bxe4 gxf4 21. Bd3 Bc3 22. h4 a5 23. a4 Re5 24. Kh2 h5 25. Kh3 f5 26. g3 fxg3 27. fxg3 Rf8 28. Rf3 Kg7 29. Rcf1 Kg6 30. Rg1 Re1 31. Rxe1 Bxe1 32. Re3 Bc3 33. Kg2 Bd4 34. Re6+ Rf6 35. Re8 Kf7 36. Rh8 Kg6 37. Rg8+ Kf7 38. Rg5 f4 39. gxf4 Rxf4 40. Rxh5 Rg4+ 41. Kf3 Rg1 42. Rh7+ Ke6 43. h5 Rh1 44. Bg6 Kd6 45. Ke2 Rh3 46. Rf7 Kc5 47. Rf1 Kb4 48. Rd1 c5 49. Bf7 Rh2+ 50. Ke1 Kc3 51. Bxd5 Rxc2 52. Be4 Rh2 53. Rd3+ Kb4 54. Bg6 Rh4 55. Rd2 Rh3 56. Re2 Kxb3 57. Kf1 Kxa4 58. Kg2 Rh4 59. Ra2+ Kb4 60. Bf7 a4 61. Re2 a3 62. Re8 Kc3 63. Ra8 Kb2 64. Rb8+ Ka1 65. Ra8 Bb2 66. Rb8 Rb4 67. Ra8 Bd4 68. Kf3 Rb2 69. Kg4 a2 70. h6 Kb1 71. Bxa2+ Rxa2 72. Rb8+ Rb2 73. Rc8 Kc1 74. Kf5 Rc2 75. h7 Kd2 76. Ke4 Rc4 77. Kd5 Rc3 78. h8Q Bxh8 79. Rxh8 c4 80. Rh2+ Kc1 81. Kd4 Rc2 82. Rxc2+ Kxc2 83. Kxc4 1/2-1/2

[Event "Titled Tuesday intern op 25th Jul Late"]
[Site "Chess.com INT"]
[Date "2023.07.25"]
[Round "1"]
[White "Krishnan, Varun"]
[Black "Wang, Alexander J"]
[Result "1-0"]
[WhiteElo "2341"]
[BlackElo "1841"]
[PlyCount "43"]
[EventDate "2023.07.25"]
[EventType "swiss (blitz)"]
[EventRounds "11"]
[EventCountry "USA"]
[SourceTitle "EXT 2024"]
[Source "ChessBase"]
[SourceDate "2023.10.10"]
[SourceVersion "1"]
[SourceVersionDate "2023.10.10"]
[SourceQuality "1"]

1. Nf3 d5 2. b4 e6 3. b5 a6 4. bxa6 Nxa6 5. e3 Nf6 6. c4 c6 7. Nc3 Bd7 8. d4 Bb4 9. Bd2 0-0 10. Bd3 Qa5 11. Qc2 g6 12. 0-0 b5 13. a3 Bxc3 14. Bxc3 Qb6 15. c5 Qc7 16. Ne5 Be8 17. Rab1 Nd7 18. f4 Nxe5 19. fxe5 f5 20. exf6 Bd7 21. Bxg6 hxg6 22. Qxg6+ 1-0

[Event "Titled Tuesday intern op 18th Jul Late"]
[Site "Chess.com INT"]
[Date "2023.07.18"]
[Round "11"]
[White "Krishnan, Varun"]
[Black "Ansh, M Shah"]
[Result "0-1"]
[WhiteElo "2341"]
[BlackElo "2173"]
[PlyCount "74"]
[EventDate "2023.07.18"]
[EventType "swiss (blitz)"]
[EventRounds "11"]
[EventCountry "USA"]
[SourceTitle "EXT 2024"]
[Source "ChessBase"]
[SourceDate "2023.10.10"]
[SourceVersion "1"]
[SourceVersionDate "2023.10.10"]
[SourceQuality "1"]

1. a3 Nf6 2. d4 g6 3. c4 Bg7 4. Nc3 0-0 5. b4 a5 6. b5 d6 7. Nf3 Nbd7 8. e3 e5 9. Bb2 Re8 10. Be2 c6 11. a4 exd4 12. exd4 d5 13. c5 Ne4 14. 0-0 Nxc3 15. Bxc3 Nxc5 16. Ne5 Ne4 17. Bb2 c5 18. f3 Ng5 19. f4 Ne6 20. dxc5 Nxc5 21. Rc1 Ne4 22. Bd4 Be6 23. b6 Rc8 24. Bb5 Rf8 25. Qd3 Bf5 26. Qa3 Qh4 27. Rc7 Rxc7 28. bxc7 Rc8 29. Bb6 Qf6 30. Qe3 Bf8 31. g4 Be6 32. Rc1 g5 33. Nd7 Qxf4 34. Qxf4 gxf4 35. Bxa5 Bd6 36. Bb6 f3 37. a5 f2+ 0-1

[Event "Titled Tuesday intern op 18th Jul Late"]
[Site "Chess.com INT"]
[Date "2023.07.18"]
[Round "1"]
[White "Krishnan, Varun"]
[Black "Fernandez Siles, Luis"]
[Result "1-0"]
[WhiteElo "2341"]
[BlackElo "2218"]
[PlyCount "39"]
[EventDate "2023.07.18"]
[EventType "swiss (blitz)"]
[EventRounds "11"]
[EventCountry "USA"]
[SourceTitle "EXT 2024"]
[Source "ChessBase"]
[SourceDate "2023.10.10"]
[SourceVersion "1"]
[SourceVersionDate "2023.10.10"]
[SourceQuality "1"]

1. a3 d5 2. Nf3 c5 3. c4 e6 4. e3 Nf6 5. d4 cxd4 6. exd4 Nc6 7. Nc3 Be7 8. Bg5 0-0 9. Bd3 dxc4 10. Bxc4 Nd5 11. Bxe7 Ncxe7 12. 0-0 b6 13. Ne5 Bb7 14. Ba2 Rc8 15. Ne4 Ng6 16. Qd2 Ndf4 17. Nxg6 fxg6 18. Rfe1 Bxe4 19. Rxe4 Qg5 20. Rxf4 1-0

[Event "Titled Tuesday intern op 18th Jul Late"]
[Site "Chess.com INT"]
[Date "2023.07.18"]
[Round "2"]
[White "Maghsoodloo, Parham"]
[Black "Krishnan, Varun"]
[Result "0-1"]
[WhiteElo "2719"]
[BlackElo "2341"]
[PlyCount "78"]
[EventDate "2023.07.18"]
[EventType "swiss (blitz)"]
[EventRounds "11"]
[EventCountry "USA"]
[SourceTitle "EXT 2024"]
[Source "ChessBase"]
[SourceDate "2023.10.10"]
[SourceVersion "1"]
[SourceVersionDate "2023.10.10"]
[SourceQuality "1"]

1. d4 a6 2. e4 e6 3. c4 d5 4. cxd5 exd5 5. e5 c5 6. Nf3 Nc6 7. Be2 cxd4 8. 0-0 Bc5 9. Nbd2 Ba7 10. Nb3 Qb6 11. a4 Bg4 12. a5 Qc7 13. Nfxd4 Bxe2 14. Nxe2 Nge7 15. Bf4 0-0 16. e6 Qc8 17. exf7+ Rxf7 18. Nbc1 Nd4 19. Ra4 Nec6 20. Bg3 Nxe2+ 21. Nxe2 Qf5 22. Rf4 Qh5 23. Rxf7 Qxf7 24. Qd2 d4 25. Nf4 Rd8 26. Nd3 Qd5 27. b4 Qb5 28. Re1 Bb8 29. Bxb8 Rxb8 30. h4 Rf8 31. f3 Qf5 32. Re4 Qf6 33. Qa2+ Kh8 34. Qd5 Rd8 35. Qc4 Qd6 36. h5 h6 37. Qf7 Nxb4 38. Re6 Qg3 39. Rg6 Qxg6 0-1

[Event "Titled Tuesday intern op 18th Jul Late"]
[Site "Chess.com INT"]
[Date "2023.07.18"]
[Round "5"]
[White "Skvortsov, Andrei"]
[Black "Krishnan, Varun"]
[Result "1/2-1/2"]
[WhiteElo "2307"]
[BlackElo "2341"]
[PlyCount "161"]
[EventDate "2023.07.18"]
[EventType "swiss (blitz)"]
[EventRounds "11"]
[EventCountry "USA"]
[SourceTitle "EXT 2024"]
[Source "ChessBase"]
[SourceDate "2023.10.10"]
[SourceVersion "1"]
[SourceVersionDate "2023.10.10"]
[SourceQuality "1"]

1. e4 a6 2. d4 e6 3. a3 d5 4. Nc3 Nf6 5. Bg5 Be7 6. e5 Nfd7 7. Bxe7 Qxe7 8. f4 c5 9. Nf3 Nc6 10. Qd2 b5 11. h4 Bb7 12. h5 h6 13. Nd1 Nb6 14. Ne3 Nc4 15. Qc3 Rc8 16. Nxc4 dxc4 17. Rd1 cxd4 18. Nxd4 Nxd4 19. Qxd4 0-0 20. Qd6 Qxd6 21. Rxd6 Rfd8 22. Rxd8+ Rxd8 23. c3 f6 24. exf6 gxf6 25. Rh3 Kf7 26. g4 e5 27. fxe5 fxe5 28. Be2 Kf6 29. Re3 e4 30. Rg3 Kg5 31. Rg1 Kf4 32. Bd1 Bc8 33. Rf1+ Ke3 34. Rf6 Rd2 35. Rxh6 Rg2 36. Rf6 Bxg4 37. h6 Bxd1 38. Kxd1 Rh2 39. Kc1 Kd3 40. Rd6+ Ke2 41. Rxa6 e3 42. Rf6 Kd3 43. Rd6+ Ke4 44. Re6+ Kd3 45. Rd6+ Ke4 46. Re6+ Kf4 47. Kd1 Rxb2 48. h7 Rh2 49. Re7 Kf3 50. Rf7+ Ke4 51. Rd7 Rh1+ 52. Ke2 Rh2+ 53. Kf1 Kf3 54. Rf7+ Ke4 55. Kg1 Rh6 56. Rd7 Rg6+ 57. Kf1 Rh6 58. Kg2 Rg6+ 59. Kf1 Rf6+ 60. Ke1 Rh6 61. Ke2 Rh2+ 62. Kd1 e2+ 63. Ke1 Ke3 64. Re7+ Kd3 65. Rd7+ Kxc3 66. Rg7 Kb2 67. Rb7 Kxa3 68. Rxb5 Rxh7 69. Kxe2 Rc7 70. Kd2 c3+ 71. Kc2 Ka4 72. Rb8 Ka5 73. Rb1 Ka6 74. Rb4 Ka7 75. Rg4 Kb7 76. Rg6 Kc8 77. Rg8+ Kd7 78. Rg4 Kd6 79. Rg3 Ke6 80. Rxc3 Rxc3+ 81. Kxc3 1/2-1/2

[Event "Titled Tuesday intern op 27th Jun Late"]
[Site "Chess.com INT"]
[Date "2023.06.27"]
[Round "7"]
[White "Krishnan, Varun"]
[Black "Ticona Rocabado, Licael Roderick"]
[Result "1-0"]
[WhiteElo "2378"]
[BlackElo "2285"]
[PlyCount "121"]
[EventDate "2023.06.27"]
[EventType "swiss (blitz)"]
[EventRounds "11"]
[EventCountry "USA"]
[SourceTitle "EXT 2024"]
[Source "ChessBase"]
[SourceDate "2023.10.10"]
[SourceVersion "1"]
[SourceVersionDate "2023.10.10"]
[SourceQuality "1"]

1. g3 c5 2. e4 Nc6 3. Bg2 b6 4. Ne2 Bb7 5. c3 e6 6. d4 d6 7. 0-0 Nf6 8. Na3 Be7 9. Nc4 cxd4 10. cxd4 d5 11. exd5 Nxd5 12. Nc3 Nxc3 13. bxc3 0-0 14. Qh5 Rc8 15. Ne3 Na5 16. d5 exd5 17. Nxd5 Bxd5 18. Bxd5 Rxc3 19. Bb2 Rc5 20. Rad1 Qc8 21. Rfe1 Nc6 22. Qf3 Bg5 23. Ba3 Ne7 24. Bxc5 bxc5 25. Bc4 Bf6 26. Rd6 Ng6 27. Qd5 Ne7 28. Qd3 Ng6 29. Rd5 Bd4 30. Rf5 Qc7 31. Qf3 Ne5 32. Qd5 Nxc4 33. Qxc4 g6 34. Rd5 Qa5 35. Rd1 Qa3 36. Qb3 Qa6 37. Rd7 Qc6 38. Qd5 Qf6 39. Rxa7 Qxf2+ 40. Kh1 Qf6 41. Rd7 h5 42. Qg2 h4 43. gxh4 Qxh4 44. Rd5 Re8 45. Rf1 Kg7 46. Rd7 Bf6 47. Rb7 Re5 48. Rb6 Rg5 49. Qf2 Rf5 50. Qxh4 Rxf1+ 51. Kg2 Bxh4 52. Kxf1 Bf6 53. a4 c4 54. Rc6 c3 55. a5 Bd4 56. a6 Kf8 57. Ke2 Ke7 58. Kd3 Kd7 59. Rc4 Bg1 60. Rxc3 Bxh2 61. a7 1-0

[Event "Titled Tuesday intern op 27th Jun Late"]
[Site "Chess.com INT"]
[Date "2023.06.27"]
[Round "2"]
[White "Mahdavi, Reza"]
[Black "Krishnan, Varun"]
[Result "1-0"]
[WhiteElo "2302"]
[BlackElo "2378"]
[PlyCount "67"]
[EventDate "2023.06.27"]
[EventType "swiss (blitz)"]
[EventRounds "11"]
[EventCountry "USA"]
[SourceTitle "EXT 2024"]
[Source "ChessBase"]
[SourceDate "2023.10.10"]
[SourceVersion "1"]
[SourceVersionDate "2023.10.10"]
[SourceQuality "1"]

1. e4 g6 2. d4 Bg7 3. Nc3 a6 4. Be3 b5 5. Qd2 Bb7 6. f3 d6 7. 0-0-0 Nd7 8. h4 h5 9. Nh3 Nb6 10. Ng5 b4 11. Nb1 a5 12. d5 Nf6 13. Bb5+ Nfd7 14. Bd4 Kf8 15. g4 Ba6 16. Bc6 Rb8 17. Qf4 Bf6 18. Nd2 Ne5 19. Nb3 Nbc4 20. Kb1 a4 21. Nc1 a3 22. b3 Na5 23. Ba4 Nb7 24. Qe3 hxg4 25. f4 Nd7 26. e5 Bg7 27. e6 Ndc5 28. Nxf7 Qc8 29. Bxg7+ Kxg7 30. Qd4+ Kh7 31. h5 g5 32. fxg5 Rf8 33. g6+ Kg8 34. Qh8# 1-0

[Event "Titled Tuesday intern op 27th Jun Late"]
[Site "Chess.com INT"]
[Date "2023.06.27"]
[Round "5"]
[White "Martine, Jean Christophe"]
[Black "Krishnan, Varun"]
[Result "0-1"]
[WhiteElo "2008"]
[BlackElo "2378"]
[PlyCount "86"]
[EventDate "2023.06.27"]
[EventType "swiss (blitz)"]
[EventRounds "11"]
[EventCountry "USA"]
[SourceTitle "EXT 2024"]
[Source "ChessBase"]
[SourceDate "2023.10.10"]
[SourceVersion "1"]
[SourceVersionDate "2023.10.10"]
[SourceQuality "1"]

1. e4 g6 2. Nf3 Bg7 3. d4 a6 4. Nbd2 b5 5. c3 Bb7 6. Bd3 d6 7. 0-0 Nd7 8. Re1 c5 9. Nf1 e5 10. d5 Ne7 11. Ng3 0-0 12. Be3 f5 13. exf5 gxf5 14. Ng5 Qe8 15. Ne6 e4 16. Nxf8 Qxf8 17. Bc2 f4 18. Bxe4 fxe3 19. Rxe3 Nf6 20. Nh5 Nxe4 21. Rxe4 Ng6 22. Nxg7 Kxg7 23. Qd2 Qf5 24. Rae1 Bxd5 25. R4e3 Rf8 26. f3 Kg8 27. b3 Nf4 28. Qf2 c4 29. Qg3+ Ng6 30. b4 Qf6 31. R1e2 Kh8 32. Re1 Bf7 33. f4 Rg8 34. Qf3 Nh4 35. Qe4 Nxg2 36. Rg3 Rxg3 37. hxg3 Nxe1 38. Qxe1 Qe6 39. Qf2 Qe4 40. Kh2 Bd5 41. Kh3 Qh1+ 42. Kg4 Qd1+ 43. Kh3 Qh5# 0-1

[Event "Titled Tuesday intern op 20th Jun Early"]
[Site "Chess.com INT"]
[Date "2023.06.20"]
[Round "2"]
[White "Demidov, Mikhail"]
[Black "Krishnan, Varun"]
[Result "1-0"]
[WhiteElo "2587"]
[BlackElo "2378"]
[PlyCount "47"]
[EventDate "2023.06.20"]
[EventType "swiss (blitz)"]
[EventRounds "11"]
[EventCountry "USA"]
[SourceTitle "EXT 2024"]
[Source "ChessBase"]
[SourceDate "2023.10.10"]
[SourceVersion "1"]
[SourceVersionDate "2023.10.10"]
[SourceQuality "1"]

1. Nf3 d5 2. g3 Nf6 3. Bg2 g6 4. b3 Bg7 5. Bb2 0-0 6. c4 c6 7. 0-0 a5 8. Nc3 b6 9. Rc1 Bb7 10. d4 e6 11. Qd3 Na6 12. Rfd1 c5 13. cxd5 Nxd5 14. Nxd5 Bxd5 15. Qb1 Qe7 16. e4 Bb7 17. d5 Rfd8 18. Bxg7 Kxg7 19. Qb2+ Kg8 20. Ne5 Nc7 21. Ng4 h5 22. Nf6+ Kf8 23. d6 Rxd6 24. Nd5 1-0